000 01414cam a22003378a 4500
001 15494907
005 20100218095818.0
008 081023s2009 nju |rb 001 0 eng
010 _a2008043873
020 _a9780691137230 (hardcover : alk. paper)
020 _a9780691137247 (pbk. : alk. paper)
040 _aDLC
_cDLC
043 _ae-fr---
_ae-uk---
_an-us---
050 0 0 _aJZ4034
_b.C665 2009
082 0 0 _a355.7
_222
_bCOO
100 1 _aCooley, Alexander,
_d1972-
_912086
245 1 0 _aContracting States :
_bSovereign Transfers in International Relations /
_cAlexander Cooley and Hendrik Spruyt.
260 _aPrinceton, NJ :
_bPrinceton University Press, 2009
_cc2009.
263 _a0904
300 _a232 p.;
_c22 cm.
504 _aIncludes bibliographical references and index.
650 0 _aSovereignty.
_912087
650 0 _aMilitary bases, American
_zForeign countries.
_912088
650 0 _aMilitary bases, British
_zForeign countries.
_912089
650 0 _aFrance
_xArmed Forces
_zForeign countries.
_912090
650 0 _aRegionalism (International organization)
_912091
700 1 _aSpruyt, Hendrik,
_d1956-
_912092
942 _2ddc
_cNB
999 _c13551
_d13551